The hot seat (Record no. 81136)
[ view plain ]
| 000 -LEADER | |
|---|---|
| fixed length control field | 00834cab a22002055a 4500 |
| 001 - CONTROL NUMBER | |
| control field | L146393 |
| 008 - FIXED-LENGTH DATA ELEMENTS--GENERAL INFORMATION | |
| fixed length control field | 090114e20090109xxko g 000 0 eng d |
| 035 ## - SYSTEM CONTROL NUMBER | |
| System control number | (Sirsi) u146393 |
| 041 0# - LANGUAGE CODE | |
| Language code of text/sound track or separate title | eng |
| 100 1# - MAIN ENTRY--PERSONAL NAME | |
| Personal name | Lever, John |
| 245 04 - TITLE STATEMENT | |
| Title | The hot seat |
| 260 ## - PUBLICATION, DISTRIBUTION, ETC. | |
| Date of publication, distribution, etc. | 2009 |
| 490 ## - SERIES STATEMENT | |
| Series statement | Building |
| Volume/sequential designation | 274 (8561) 9 January 2009, 52-53 (2) |
| 520 ## - SUMMARY, ETC. | |
| Summary, etc. | Discusses the first formal review of the Assessment of Professional Competence (APC) process, how to prepare for it and which documents are necessary. Provides advice for the candidate and the supervisor. Also includes brief information on how to prove competence on health and safety issues. |
| 590 ## - LOCAL NOTE (RLIN) | |
| Local note | KA |
| 651 #4 - SUBJECT ADDED ENTRY--GEOGRAPHIC NAME | |
| Geographic name | United Kingdom |
| Chronological subdivision | |
| 690 ## - LOCAL SUBJECT ADDED ENTRY--TOPICAL TERM (OCLC, RLIN) | |
| Topical term or geographic name as entry element | CAREERS, EDUCATION AND TRAINING-QUALIFICATION ROUTES-ASSESSMENT OF PROFESSIONAL COMPETENCE |
| 700 1# - ADDED ENTRY--PERSONAL NAME | |
| Personal name | Elder, Ben |
| 942 ## - ADDED ENTRY ELEMENTS (KOHA) | |
| Suppress in OPAC | 0 |
| Withdrawn status | Lost status | Source of classification or shelving scheme | Damaged status | Not for loan | Home library | Current library | Shelving location | Date acquired | Total Checkouts | Full call number | Barcode | Date last seen | Copy number | Price effective from | Koha item type |
|---|---|---|---|---|---|---|---|---|---|---|---|---|---|---|---|
| Dewey Decimal Classification | London | London | Journal article | 14/01/2009 | L146393 | 146393-1001 | 06/08/2019 | 1 | 06/08/2019 | Journal article |